| 000 | 00386pab a2200157 454500 | ||
|---|---|---|---|
| 008 | 180718b2005 xxu||||| |||| 00| 0 eng d | ||
| 100 | _aDwyer, Peter | ||
| 245 | _aMeeting basic needs? Forced migrants and welfare | ||
| 260 | _c2005 | ||
| 300 | _ap.369-80. | ||
| 362 | _aOct | ||
| 650 | _aMigrants | ||
| 700 | _aBrown, David | ||
| 773 | _aSocial Policy and Society | ||
| 909 | _a68637 | ||
| 999 |
_c68637 _d68637 |
||